| 000 | 00515nam a2200169 4500 | ||
|---|---|---|---|
| 001 | 143538 | ||
| 003 | ES-MaACL | ||
| 005 | 20230906200837.0 | ||
| 007 | t| | ||
| 008 | 070214s1969 sp r ||||1| spa d | ||
| 100 | 1 |
_aServadio, Emilio. _9105851 |
|
| 245 | 1 | 0 |
_a115 psicoanálisis a nuestro mundo / _cEmilio Servadio ; [traducción de José Botaya]. |
| 260 |
_aBarcelona : _bSagitario, _c1969 ( _fPareja) |
||
| 300 |
_a527 p. ; _c21 cm. |
||
| 700 | 1 |
_aBotaya, José. _930740 |
|
| 852 |
_aES-MaACL _jC-35965 _bR.69059 |
||
| 999 |
_c143538 _d143538 |
||